[Event "Prague Menchik Memorial Rapid"]
[Site "Prague"]
[Date "2021.09.28"]
[Round "2"]
[White "Weissbeck, Simon"]
[Black "Zavurka, Vladimir"]
[Result "1-0"]
[WhiteElo "2048"]
[BlackElo "1632"]
[PlyCount "66"]
[EventDate "2021.09.28"]
[EventType "swiss (rapid)"]
[EventRounds "9"]
[EventCountry "CZE"]
[SourceTitle "CBM 204 Extra"]
[Source "ChessBase"]
[SourceDate "2021.11.30"]
[SourceVersion "1"]
[SourceVersionDate "2021.11.30"]
[SourceQuality "1"]

1. e4 e6 2. d4 d5 3. e5 c5 4. c3 Nc6 5. Nf3 Qb6 6. a3 cxd4 7. cxd4 Nh6 8. b4 Nf5 9. Bb2 Bd7 10. Be2 Rc8 11. 0-0 Be7 12. Qd3 a6 13. Nbd2 0-0 14. Nb3 Na7 15. Qd2 Bb5 16. Nc5 Bxe2 17. Qxe2 Bxc5 18. dxc5 Qd8 19. a4 Qe7 20. Ba3 Rfd8 21. Rab1 Qd7 22. Qd3 Qxa4 23. g4 Nh6 24. Ng5 g6 25. Qh3 Kg7 26. Bc1 Qc2 27. Nxe6+ fxe6 28. Bxh6+ Kg8 29. Bg5 Rf8 30. Bf6 Qe4 31. Rfe1 Qf4 32. g5 Nb5 33. Qxe6+ Rf7 1-0

[Event "Prague Menchik Memorial Rapid"]
[Site "Prague"]
[Date "2021.09.28"]
[Round "3"]
[White "Zavurka, Vladimir"]
[Black "Musil, Vitezslav"]
[Result "0-1"]
[WhiteElo "1632"]
[BlackElo "1880"]
[PlyCount "32"]
[EventDate "2021.09.28"]
[EventType "swiss (rapid)"]
[EventRounds "9"]
[EventCountry "CZE"]
[SourceTitle "CBM 204 Extra"]
[Source "ChessBase"]
[SourceDate "2021.11.30"]
[SourceVersion "1"]
[SourceVersionDate "2021.11.30"]
[SourceQuality "1"]

1. d4 Nf6 2. Nf3 g6 3. c4 Bg7 4. Nc3 d6 5. Bf4 0-0 6. e3 a6 7. Bd3 c6 8. h3 b5 9. cxb5 axb5 10. a3 Nbd7 11. 0-0 Nb6 12. Qc2 Bd7 13. Rfd1 Nbd5 14. Bg3 b4 15. Nxd5 Nxd5 16. a4 Qa5 0-1

[Event "Ricany op-A"]
[Site "Ricany"]
[Date "2014.08.30"]
[Round "9"]
[White "Zavurka, Vladimir"]
[Black "Lhotsky, Zdenek"]
[Result "1/2-1/2"]
[WhiteElo "1639"]
[BlackElo "1601"]
[PlyCount "109"]
[EventDate "2014.08.23"]
[EventType "swiss"]
[EventRounds "9"]
[EventCountry "CZE"]
[SourceTitle "EXT 2015"]
[Source "ChessBase"]
[SourceDate "2014.11.20"]
[SourceVersion "1"]
[SourceVersionDate "2014.11.20"]
[SourceQuality "1"]

1. d4 d5 2. c4 e6 3. Nf3 Nf6 4. Bg5 Be7 5. e3 c6 6. Nc3 Qa5 7. Bxf6 Bxf6 8. Qc2 Nd7 9. cxd5 exd5 10. Bd3 Be7 11. a3 Nf6 12. b4 Bxb4 13. Kd2 Bxc3+ 14. Qxc3 Qxc3+ 15. Kxc3 Ne4+ 16. Bxe4 dxe4 17. Nd2 f5 18. f3 exf3 19. gxf3 Be6 20. Rhg1 Kf7 21. Nc4 Bxc4 22. Kxc4 Rhe8 23. Rae1 Re7 24. e4 Rae8 25. e5 Ke6 26. f4 Rd8 27. Rd1 Rd5 28. Rg3 Red7 29. Rgd3 b5+ 30. Kc3 c5 31. dxc5 Rxc5+ 32. Kb3 Rcd5 33. Rxd5 Rxd5 34. Rxd5 Kxd5 35. h4 g6 36. Kb4 h6 37. Kxb5 g5 38. hxg5 hxg5 39. fxg5 Kxe5 40. Kc4 f4 41. Kd3 Kf5 42. g6 Kxg6 43. Ke4 Kg5 44. Kf3 a5 45. a4 Kf5 46. Kf2 Ke4 47. Ke2 Kd4 48. Kf3 Ke5 49. Kf2 Ke4 50. Ke2 f3+ 51. Kf2 Kf4 52. Kf1 Ke3 53. Ke1 Kd3 54. Kf2 Ke4 55. Kf1 1/2-1/2

[Event "Ricany op-A"]
[Site "Ricany"]
[Date "2014.08.29"]
[Round "8"]
[White "Zavurka, Vladimir"]
[Black "Jirousek, Filip"]
[Result "1/2-1/2"]
[WhiteElo "1639"]
[BlackElo "1778"]
[PlyCount "30"]
[EventDate "2014.08.23"]
[EventType "swiss"]
[EventRounds "9"]
[EventCountry "CZE"]
[SourceTitle "EXT 2015"]
[Source "ChessBase"]
[SourceDate "2014.11.20"]
[SourceVersion "1"]
[SourceVersionDate "2014.11.20"]
[SourceQuality "1"]

1. d4 Nf6 2. c4 g6 3. Nc3 Bg7 4. e4 d6 5. Nf3 0-0 6. Be2 Nc6 7. d5 Ne5 8. Nxe5 dxe5 9. b4 e6 10. Ba3 b6 11. 0-0 Re8 12. Qc2 Bf8 13. Rfd1 Qe7 14. c5 Rd8 15. Rab1 a5 1/2-1/2

[Event "Ricany op-A"]
[Site "Ricany"]
[Date "2014.08.25"]
[Round "4"]
[White "Prochazka, Petr"]
[Black "Zavurka, Vladimir"]
[Result "1-0"]
[WhiteElo "1841"]
[BlackElo "1639"]
[PlyCount "71"]
[EventDate "2014.08.23"]
[EventType "swiss"]
[EventRounds "9"]
[EventCountry "CZE"]
[SourceTitle "EXT 2015"]
[Source "ChessBase"]
[SourceDate "2014.11.20"]
[SourceVersion "1"]
[SourceVersionDate "2014.11.20"]
[SourceQuality "1"]

1. e4 e6 2. d4 d5 3. e5 c5 4. Nf3 Nc6 5. Bd3 Qb6 6. 0-0 Bd7 7. dxc5 Bxc5 8. c3 a5 9. Qe2 Nge7 10. Rd1 Ng6 11. h4 Qc7 12. Re1 Nge7 13. Bf4 Na7 14. Nbd2 0-0 15. Bxh7+ Kh8 16. Bc2 Bb5 17. Bd3 Bxd3 18. Qxd3 g6 19. Nb3 Kg7 20. Nxc5 Qxc5 21. Bg5 Rg8 22. Bf6+ Kf8 23. Qd2 Ke8 24. Rad1 Nac6 25. Qf4 Nf5 26. g4 Ng7 27. Qh6 Qf8 28. Ng5 Nf5 29. Qxf8+ Kxf8 30. gxf5 gxf5 31. Kh2 Ke8 32. Rg1 Ne7 33. Nf3 Rg6 34. Rxg6 fxg6 35. Nd4 Kf7 36. Nb5 1-0